000 00366nam a22001337a 4500
005 20260625152854.0
020 _a9781009486910
082 _a382.309 51 STR/C
100 _aStrange, Austin
_917028
245 _aChinese global infrastructure/
_cby Austin Strange
260 _a. - U K
_b: Cambridge University Press
_c, 2024
300 _a94 pages
942 _2ddc
_cBK
999 _c761067
_d761067